Az Elátkozott Család Regény Második Kötet

Bibliographic Details
Main Author: Jókai, Mór, 1825-1904 (Author)
Corporate Author: Franklin-Társulat, Magyar irodalmi intézet és könyvnyomda (Budapešť, Maďarsko) (Printer)
Format: Book
Language:Hungarian
PhysicalDescription:183 strán 15 cm
Edition:Kilenczedik Kiadás
Subjects:

MARC

LEADER 00000nam a2200000 4500
001 vtls012272359
003 SK-MaSNL
005 20260301232116.0
008 250303s1911 hu a f 00101 hun
015 |a SNBHFA 
040 |a SNK  |b slo  |c SNK  |e rda 
041 0 |a hun 
044 |a hu  |c HU 
072 7 |a 821.511.1  |x Ugrofínske literatúry  |2 konspekt 
072 7 |a 821.511.1.09  |x Ugrofínske literatúry (o nich)  |2 konspekt 
080 |a 821.511.141  |2 2011 
080 |a 821.511.141-31  |2 2011 
100 1 |a Jókai, Mór,  |d 1825-1904  |4 aut  |9 92996 
245 1 3 |a Az Elátkozott Család  |b Regény  |n Második Kötet  |c Irta Jókai Mór 
250 |a Kilenczedik Kiadás 
264 3 |a Budapest  |b Franklin-Társulat Magyar Irod. Intézet És Könyvnyomda  |c 1911 
300 |a 183 strán  |c 15 cm 
336 |a text  |b txt  |2 rdacontent 
337 |a bez média  |b n  |2 rdamedia 
338 |a zväzok  |b nc  |2 rdacarrier 
500 |a Titulná strana s vinetou, linky 
501 |a Príväzok 1. k: JÓKAI, Mór. Az Elátkozott Család. Első Kötet. Budapest : Franklin-Társulat Magyar Irod. Intézet És Könyvnyomda, 1911.  |5 SNK SE 10632/1 
504 |a Register 
546 |a Maďarský text  |b Antikva 
650 0 7 |a maďarská literatúra  |2 SNKPH  |9 1193 
655 7 |a maďarské romány  |2 SNKPH  |9 70321 
710 2 |a Franklin-Társulat, Magyar irodalmi intézet és könyvnyomda (Budapešť, Maďarsko)  |4 prt  |9 394577 
752 |a Maďarsko  |d Budapešť 
852 |a snk  |p SE 10632/1/prív.1 
958 |a ONDV 
958 |a DG 
999 |c 960446  |d 962376 
952 |a SNK  |b SNK  |y PREZ  |7 0  |p 17A1487469  |o snkSE 10632/1/prív.1  |i snkK 2003/278  |8 3  |0 0  |1 0  |4 0  |d 2025-03-03  |l 0  |r 2026-02-24 10:17:17  |w 2026-02-24